000 00643nam a2200181Ia 4500
008 151018s9999 xx 000 0 und d
082 _bRBASDV31796
_a920
100 _aशिरीष कणेकर
245 _aपुन्हा यादोंकी बारात
250 _b1
260 _bराजा प्रकाशन मुंबई
_c1995
300 _a181
600 _aशिरीष कणेकर
630 _aपुन्हा यादोंकी बारात
700 _aशिरीष कणेकर
730 _aपुन्हा यादोंकी बारात
942 _cBOOK
999 _c1031329
_d1031326